01119nam a2200301Ia 4500003000400000005001700004008004100021020001800062040001800080041000800098082002100106100002700127245008300154250001600237260005500253300002700308650003000335650002900365650004000394650004800434700003700482700002800519700002900547700002800576942003000604999001900634952016400653OSt20220113191222.0210716s2011 xx 000 0 und d a9789381513002 cAIMIT LIBRARY aeng a001.42 22bHAIJ aHair, Joseph F;913128 aEssentials of Business Research Methods.cby Joseph F. Hair Jr. ...[et. al.]. a2nd. ed . - aNew Delhi:c2011.bSrisai Anand Printers Pvt. Ltd, axviii,477p. ; 23.5 cm. aBusiness Research.913129 aResearch Process.913130 aEthics in Business Research.913131 aAnalysis and Interpretation of Data.913132 aCelsi, Mary Wolfinbarger.913133 aMoney, Arthur H.913134 aSamouel, Phillip.913135 aPage, Michael J.913136 2ddccBKe2ndk001.42 HAIJ c206752d206752 00102ddc40708MBAaAIMITbAIMITd2011-10-11g495.00iBill no:1066; Bill dt:2011-09-20l0o001.42 HAIJpMBA09318r2026-05-23 00:00:00v371.25w2021-07-16yBK